00728nam a22002177a 450000500170000001000130001702000330003003500130006303700190007608200060009524500320010126000410013327000800017430000280025449000160028270000220029870000170032094200200033799900190035795201340037620241212145650.0 aB-761450 a9788181534453 vol. 2c250.00 aB-761450 bRainbow Books  aS aRainbow Moral Stories (2)/  aDelhi bRainbow Books c2022(repr.) aF-32, Street No.12, Parwana Road, Jagat Puri, New DelhibNew Delhi e110051 a64p.c28cm(Hb)bcol.ill a1-2(series) aAkankasha 974952 aAryan974953 2ddccCHmRAIhS c207644d207644 001040708FICaLbLd2024-12-12eGift/9.12.24g250.00l0oRAI SpB-761450r2024-12-12 00:00:00t1v250.00w2024-12-12yCHzGift